000
00243nam a22000977a 4500
999
_c
519845
_d
519845
082
_a
TNC A6x5444 B152
100
_a
Bhalla, G.S.
_9
31071
245
_a
Nehru and the Indian peasantry
260
_a
New Delhi
_b
Nehru Memorial Museum
300
_a
45p.